000 00677nam a2200217Ii 4500
001 13389
003 CO-ViMGA
008 241108s9999||||xx |||||||||||||| ||und||
020 _a9589707246
040 _aCO-ViMGA
_bspa
_erda
_cCO-ViMGA
041 0 _aspa
082 0 4 _aF.FC Co864 - O74p
100 1 _aHéctor Hugo Orjuela
_947686
245 1 0 _aPrimicias del ensayo en Colombia:
_bEl discurso ensayístico colonial
264 1 _aBogotá, Colombia : [Editorial no identificada], 2002
300 _avolumen
336 _atext
_btxt
_2rdacontent
337 _aunmediated
_bn
_2rdamedia
338 _avolume
_bnc
_2rdacarrier
940 _aidficha_siabuc: 13091. -- ficha_no_siabuc:13389
999 _c42289
_d42289